|
|
|
|
| LEADER |
00000nam a2200000 a 4500 |
| 001 |
vtls001162976 |
| 003 |
SK-MaSNL |
| 005 |
20260420144626.0 |
| 008 |
250414s1887 hu 0 slo |
| 035 |
|
|
|a SNK000105886
|
| 040 |
|
|
|a SNK
|b slo
|c SNK
|e AACR2
|
| 041 |
0 |
|
|a slo
|h und
|
| 044 |
|
|
|a hu
|c HU
|
| 080 |
|
|
|a 372.4(075.2)
|2 1981
|
| 100 |
1 |
|
|a Bárány, Ignác,
|d 1833-1882
|4 aut
|9 282122
|
| 245 |
1 |
0 |
|a Druhá čítanka
|b Pre druhú triedu katolíckych počiatočných škôl
|c Ignác Barány ; Prel. Jozef Zelliger
|
| 260 |
|
|
|a Budapešt
|b [Spolok sv. Štefana]
|c 1887
|e Budapešt
|f Athenaeum
|
| 300 |
|
|
|a 116 s.
|c 19 cm
|
| 700 |
1 |
|
|a Zellinger, Jozef,
|d 1837-1886
|4 trl
|9 93384
|
| 852 |
|
|
|a Slovenská národná knižnica
|
| 954 |
|
|
|a čítanky katolíckych škôl (2. roč.)
|
| 958 |
|
|
|a ONDV
|
| 968 |
|
|
|d [Z maď. orig.]
|
| 999 |
|
|
|c 613449
|d 615379
|
| 952 |
|
|
|a SNK
|b SNK
|y VYP
|7 0
|p 17A0500319
|o snkSD 2093 D1
|i snkK 670/94
|0 0
|1 0
|4 0
|d 2006-03-10
|l 0
|r 2026-02-23 16:30:15
|w 2026-02-23
|